Statistiques concernant HARRY POTTER QUIZZ

Cliquez ici pour prendre le quiz!

Statistiques générales

  • Ce quiz a été pris 535 fois
  • Le résultat moyen est 13 sur 15

Statistiques - réponses

QuestionRéponse% Correct
A qui Harry Potter se marie ?Ginny
100%
Que fais le sort de lumosde la lumière
99%
Contre quoi Harry se bat dans "la chambre des secret" ?un basilic
99%
Quelle rôle à Harry dans l'équipe de Quidditch ?Attrapeur
98%
Quelle est le sort de la mort ?Avada Kedavra
98%
Qui a le patronus du cerf ?Harry
97%
comment s'appelle la mère de Ron ?Molly
97%
comment s'appelle les enfants de Harry ?Albus,Sirius et Lily
94%
Combien albus dumbledore a t'il de frère ou de soeur ?2
89%
Qui est son ennemie ?aucune de ses réponse.
85%
Que devient Harry après l'école ?Il devient aurore.
85%
Ou se trouve Poudlard ?en Ecosse
81%
Qui n'est pas un animagus ?Remus Lupin
74%
Combien d'horcruxe lord voldemort a crée volontairement?6
62%
Combien y a t'il de livre ?8
21%

Distribution des résultats

Percentile par nombre de réponses

% des personnes avec chaque résultat

Votre développement - résultats

Vous n’avez pas pris ce quiz